[Event "Heusenstamm Sparkassen op U14 5th"]
[Site "Heusenstamm"]
[Date "2018.11.25"]
[Round "6"]
[White "Hentschker, Josefin"]
[Black "Grebe, Sabrina"]
[Result "1-0"]
[WhiteElo "1162"]
[BlackElo "901"]
[PlyCount "63"]
[EventDate "2018.11.23"]
[EventType "swiss"]
[EventRounds "7"]
[EventCountry "GER"]
[SourceTitle "CBM 188 Extra"]
[Source "ChessBase"]
[SourceDate "2019.02.26"]
[SourceVersion "1"]
[SourceVersionDate "2019.02.26"]
[SourceQuality "1"]

1. e4 e5 2. Nf3 Nc6 3. Bc4 Bc5 4. Nc3 Nf6 5. d3 d6 6. h3 0-0 7. Bg5 h6 8. Bh4 a6 9. Nd5 b5 10. Nxf6+ gxf6 11. Qd2 Kh7 12. Bd5 Bb7 13. Bxc6 Bxc6 14. d4 Bb6 15. dxe5 dxe5 16. Qe2 Qd6 17. Rd1 Qe6 18. Nh2 Rg8 19. Ng4 Rg6 20. Qf3 Kg7 21. Ne3 Qxa2 22. Nf5+ Kf8 23. Qc3 Bxe4 24. Ne3 b4 25. Qxb4+ Bc5 26. Qxc5+ Kg7 27. f3 Bb7 28. Qxc7 Ra7 29. 0-0 Qxb2 30. Nf5+ Kh7 31. Qxf7+ Rg7 32. Qxg7# 1-0

[Event "Heusenstamm Sparkassen op U14 5th"]
[Site "Heusenstamm"]
[Date "2018.11.25"]
[Round "7"]
[White "Moldenhauer, Nils"]
[Black "Hentschker, Josefin"]
[Result "0-1"]
[WhiteElo "1019"]
[BlackElo "1162"]
[PlyCount "52"]
[EventDate "2018.11.23"]
[EventType "swiss"]
[EventRounds "7"]
[EventCountry "GER"]
[SourceTitle "CBM 188 Extra"]
[Source "ChessBase"]
[SourceDate "2019.02.26"]
[SourceVersion "1"]
[SourceVersionDate "2019.02.26"]
[SourceQuality "1"]

1. e4 e5 2. Nf3 Nc6 3. Bc4 Bc5 4. d3 h6 5. Be3 Bb6 6. Nc3 Nf6 7. 0-0 d6 8. h3 Be6 9. Bb3 0-0 10. Re1 Re8 11. d4 exd4 12. Nxd4 Bxb3 13. Nxb3 Nxe4 14. Nxe4 Rxe4 15. Bxb6 Rxe1+ 16. Qxe1 axb6 17. Nd2 Qf6 18. c3 Kf8 19. Nf3 Re8 20. Qd2 Qe6 21. b3 Ne5 22. Nd4 Qd7 23. Re1 c5 24. Nc2 Qf5 25. Ne3 Qg6 26. Nd5 Nf3+ 0-1

[Event "GER-chT U14 Girls"]
[Site "Neumuenster"]
[Date "2017.12.29"]
[Round "6.4"]
[White "Nanthivarman, Merymuthu"]
[Black "Hentschker, Josefin"]
[Result "1-0"]
[WhiteElo "1007"]
[BlackElo "1111"]
[PlyCount "107"]
[EventDate "2017.12.26"]
[EventType "team-swiss"]
[EventRounds "7"]
[EventCountry "GER"]
[SourceTitle "CBM 182 Extra"]
[Source "ChessBase"]
[SourceDate "2018.02.23"]
[SourceVersion "1"]
[SourceVersionDate "2018.02.23"]
[SourceQuality "1"]
[WhiteTeam "Baden-Baden"]
[BlackTeam "Offenbach"]
[WhiteTeamCountry "GER"]
[BlackTeamCountry "GER"]

1. e4 e5 2. f4 Nc6 3. Nf3 d6 4. d4 Bg4 5. Be2 Nf6 6. Nc3 Bxf3 7. Bxf3 Nxd4 8. fxe5 dxe5 9. 0-0 Bc5 10. Be3 Nxc2 11. Qxc2 Bxe3+ 12. Kh1 0-0 13. Rad1 Qe7 14. Nd5 Nxd5 15. exd5 Rad8 16. Qb3 b6 17. Qxe3 f6 18. Rd2 f5 19. Qb3 e4 20. d6+ Qf7 21. Qxf7+ Kxf7 22. Be2 g6 23. Rfd1 Rd7 24. Bb5 Rdd8 25. dxc7 Rc8 26. Rc1 Kg7 27. Bd7 Rfd8 28. Bxc8 Rxd2 29. Bb7 e3 30. Bf3 e2 31. Bxe2 Rxe2 32. c8Q Kh6 33. h3 Re4 34. Rc4 Rxc4 35. Qxc4 g5 36. Qe6+ Kh5 37. Qxf5 Kh6 38. h4 gxh4 39. Qf4+ Kg6 40. Qxh4 Kf5 41. Qxh7+ Ke5 42. Qxa7 Kd5 43. Qxb6 Ke4 44. Qd6 Kf5 45. Qe7 Kf4 46. b4 Kg4 47. Qf8 Kh5 48. Qg8 Kh6 49. b5 Kh5 50. b6 Kh6 51. b7 Kh5 52. b8Q Kh4 53. Qb7 Kh5 54. Qbh7# 1-0

[Event "GER-chT U14 Girls"]
[Site "Neumuenster"]
[Date "2017.12.27"]
[Round "2.4"]
[White "Wilhelm, Anna Lena"]
[Black "Hentschker, Josefin"]
[Result "0-1"]
[WhiteElo "1122"]
[BlackElo "1111"]
[PlyCount "62"]
[EventDate "2017.12.26"]
[EventType "team-swiss"]
[EventRounds "7"]
[EventCountry "GER"]
[SourceTitle "CBM 182 Extra"]
[Source "ChessBase"]
[SourceDate "2018.02.23"]
[SourceVersion "1"]
[SourceVersionDate "2018.02.23"]
[SourceQuality "1"]
[WhiteTeam "Stadtilm Blau Weiss"]
[BlackTeam "Offenbach"]
[WhiteTeamCountry "GER"]
[BlackTeamCountry "GER"]

1. e4 e5 2. Nf3 Nc6 3. Bc4 Bc5 4. c3 Nf6 5. d4 exd4 6. cxd4 Bb6 7. Nc3 d6 8. Bf4 Bg4 9. d5 Nd4 10. Be2 Nxe2 11. Qxe2 0-0 12. 0-0 c6 13. h3 Bxf3 14. Qxf3 cxd5 15. exd5 Re8 16. Nb5 Bc7 17. Rfe1 Qd7 18. Nc3 h6 19. Qg3 Kh8 20. h4 Nh5 21. Qf3 Nf6 22. Re2 Re7 23. Rae1 Rae8 24. Qg3 Nh5 25. Qh2 Nxf4 26. Qxf4 Ba5 27. Qd4 Bxc3 28. Qxc3 Rxe2 29. Rd1 Qf5 30. Rf1 Qxd5 31. a3 Qd2 0-1